Statistics for Mystery Taylor Swift Song #10

Click here to take the quiz!

General Stats

  • This quiz has been taken 1,039 times
    (884 since last reset)
  • The average score is 83 of 162

Answer Stats

Song% Correct
I
96%
a
93%
the
90%
me
81%
it?
80%
It
80%
and
79%
on
79%
to
78%
was
77%
Folklore
76%
she
76%
Who
76%
do
75%
is
75%
ever
74%
in
74%
this
73%
last
72%
There
72%
by
71%
what
71%
if
70%
great
69%
They
69%
American
68%
Her
68%
St.
68%
up
68%
dynasty
66%
men
66%
goes
65%
of
65%
been
64%
had
64%
has
64%
never
64%
said
64%
so
64%
time
64%
seen
61%
town
61%
were
61%
his
60%
then
60%
women
60%
How
59%
knows
59%
say
59%
could've
58%
have
58%
house
58%
woman
58%
did
57%
Rebekah
57%
everything
56%
out
56%
showed
56%
with
56%
train
55%
him
54%
marvelous
54%
ruinin'
54%
sunny
54%
that
54%
all
53%
loud
53%
Rhode
53%
at
52%
card
52%
afternoon
51%
Holiday
51%
midnight
51%
money
51%
gave
50%
little
49%
name
49%
off
49%
rode
49%
Their
49%
down
48%
heart
48%
new
48%
the last great american dynasty
48%
from
47%
heir
47%
Louis
47%
green
46%
home
46%
maddest
46%
set
46%
called
45%
dog
45%
Free
45%
lime
45%
occasion
45%
only
45%
told
45%
Island
44%
key
44%
middle-class
44%
must
44%
Oil
44%
Took
44%
wedding
44%
divorcée
43%
doctor
43%
far
43%
mind
43%
parties
43%
charming
42%
dyed
42%
fault
42%
Standard
42%
Bill
41%
loudest
41%
settle
41%
There's
41%
city
40%
friends
40%
stole
40%
tasteful
40%
forever
39%
picked
39%
Bitch
38%
bought
38%
Pack
38%
rocks
38%
sea
38%
long
37%
most
37%
big
36%
boys
36%
champagne
36%
coast
36%
feud
36%
gauche
36%
bad
35%
ballet
35%
beach
35%
Flew
35%
pool
35%
saltbox
35%
staring
35%
Dalí
34%
names
34%
neighbor
34%
Filled
33%
game
33%
Pacing
33%
years
33%
madness
32%
sat
32%
shameless
32%
swam
32%
bets
31%
blew
31%
quietly
31%
50
30%
habits
30%
losin'
30%
through
29%

Score Distribution

Percentile by Number Answered

Percent of People with Each Score

Your Score History

You have not taken this quiz since the last reset